<?xml version="1.0" encoding="UTF-8"?>
<record
    xmlns:xsi="http://www.w3.org/2001/XMLSchema-instance"
    xsi:schemaLocation="http://www.loc.gov/MARC21/slim http://www.loc.gov/standards/marcxml/schema/MARC21slim.xsd"
    xmlns="http://www.loc.gov/MARC21/slim">

  <leader>01171cam a22002771i 4500</leader>
  <controlfield tag="003">SA-RiAUC</controlfield>
  <controlfield tag="005">20250324130428.0</controlfield>
  <controlfield tag="008">250321s1990    ua a   f b   f00000 ara c</controlfield>
  <datafield tag="040" ind1=" " ind2=" ">
    <subfield code="a">SA-RiAUC</subfield>
    <subfield code="b">ara</subfield>
    <subfield code="c">SA-RiAUC</subfield>
    <subfield code="e">rda</subfield>
  </datafield>
  <datafield tag="082" ind1="0" ind2="4">
    <subfield code="a">686.3</subfield>
    <subfield code="q">SA-RiAUC</subfield>
  </datafield>
  <datafield tag="090" ind1=" " ind2=" ">
    <subfield code="a">686.3</subfield>
    <subfield code="b">&#x634; &#x627; &#x647;&#x640;</subfield>
  </datafield>
  <datafield tag="100" ind1="1" ind2=" ">
    <subfield code="a">&#x634;&#x627;&#x647;&#x64A;&#x646;&#x60C; &#x639;&#x628;&#x62F; &#x627;&#x644;&#x645;&#x639;&#x632;</subfield>
    <subfield code="e">&#x645;&#x624;&#x644;&#x641;.</subfield>
  </datafield>
  <datafield tag="245" ind1="1" ind2="2">
    <subfield code="a">&#x627;&#x644;&#x623;&#x633;&#x633; &#x627;&#x644;&#x639;&#x644;&#x645;&#x64A;&#x629; &#x644;&#x639;&#x644;&#x627;&#x62C; &#x648;&#x62A;&#x631;&#x645;&#x64A;&#x645; &#x648;&#x635;&#x64A;&#x627;&#x646;&#x629; &#x627;&#x644;&#x643;&#x62A;&#x628; &#x648;&#x627;&#x644;&#x645;&#x62E;&#x637;&#x648;&#x637;&#x627;&#x62A; &#x648;&#x627;&#x644;&#x648;&#x62B;&#x627;&#x626;&#x642; &#x627;&#x644;&#x62A;&#x627;&#x631;&#x64A;&#x62E;&#x64A;&#x629; /</subfield>
    <subfield code="c">&#x62A;&#x623;&#x644;&#x64A;&#x641; &#x639;&#x628;&#x62F; &#x627;&#x644;&#x645;&#x639;&#x632; &#x634;&#x627;&#x647;&#x64A;&#x646;.</subfield>
  </datafield>
  <datafield tag="250" ind1=" " ind2=" ">
    <subfield code="a">&#x627;&#x644;&#x637;&#x628;&#x639;&#x629; &#x627;&#x644;&#x623;&#x648;&#x644;&#x649;.</subfield>
  </datafield>
  <datafield tag="264" ind1=" " ind2="1">
    <subfield code="a">&#x627;&#x644;&#x642;&#x627;&#x647;&#x631;&#x629; :</subfield>
    <subfield code="b">&#x627;&#x644;&#x647;&#x64A;&#x626;&#x629; &#x627;&#x644;&#x645;&#x635;&#x631;&#x64A;&#x629; &#x627;&#x644;&#x639;&#x627;&#x645;&#x629; &#x644;&#x644;&#x643;&#x62A;&#x627;&#x628;&#x60C;</subfield>
    <subfield code="c">1990</subfield>
  </datafield>
  <datafield tag="300" ind1=" " ind2=" ">
    <subfield code="a">407 &#x635;&#x641;&#x62D;&#x629; :</subfield>
    <subfield code="b">&#x625;&#x64A;&#x636;&#x627;&#x62D;&#x64A;&#x627;&#x62A; &#x61B;</subfield>
    <subfield code="c">24 &#x633;&#x645;</subfield>
  </datafield>
  <datafield tag="336" ind1=" " ind2=" ">
    <subfield code="a">&#x646;&#x635;</subfield>
    <subfield code="b">txt</subfield>
    <subfield code="2">rdacontent</subfield>
    <subfield code="3">&#x643;&#x62A;&#x627;&#x628;</subfield>
  </datafield>
  <datafield tag="337" ind1=" " ind2=" ">
    <subfield code="a">&#x628;&#x62F;&#x648;&#x646; &#x648;&#x633;&#x64A;&#x637;</subfield>
    <subfield code="b">n</subfield>
    <subfield code="2">rdamedia</subfield>
  </datafield>
  <datafield tag="338" ind1=" " ind2=" ">
    <subfield code="a">&#x645;&#x62C;&#x644;&#x62F;</subfield>
    <subfield code="b">nc</subfield>
    <subfield code="2">rdacarrier</subfield>
  </datafield>
  <datafield tag="504" ind1=" " ind2=" ">
    <subfield code="a">&#x628;&#x628;&#x644;&#x64A;&#x648;&#x62C;&#x631;&#x627;&#x641;&#x64A;&#x629; : &#x635;&#x641;&#x62D;&#x629; 397-406.</subfield>
  </datafield>
  <datafield tag="650" ind1=" " ind2="7">
    <subfield code="a">&#x627;&#x644;&#x643;&#x62A;&#x628;</subfield>
    <subfield code="x">&#x62D;&#x641;&#x638; &#x648;&#x62A;&#x631;&#x645;&#x64A;&#x645;</subfield>
    <subfield code="2">aucsh</subfield>
  </datafield>
  <datafield tag="650" ind1=" " ind2="7">
    <subfield code="a">&#x627;&#x644;&#x645;&#x62E;&#x637;&#x648;&#x637;&#x627;&#x62A;</subfield>
    <subfield code="x">&#x62D;&#x641;&#x638; &#x648;&#x62A;&#x631;&#x645;&#x64A;&#x645;</subfield>
    <subfield code="2">aucsh</subfield>
  </datafield>
  <datafield tag="650" ind1=" " ind2="7">
    <subfield code="a">&#x627;&#x644;&#x648;&#x62B;&#x627;&#x626;&#x642;</subfield>
    <subfield code="x">&#x62D;&#x641;&#x638; &#x648;&#x62A;&#x631;&#x645;&#x64A;&#x645;</subfield>
    <subfield code="2">aucsh</subfield>
  </datafield>
  <datafield tag="942" ind1=" " ind2=" ">
    <subfield code="2">ddc</subfield>
    <subfield code="c">BOOK</subfield>
    <subfield code="n">0</subfield>
  </datafield>
  <datafield tag="949" ind1=" " ind2=" ">
    <subfield code="a">SA-JeALM</subfield>
    <subfield code="d">250321</subfield>
    <subfield code="u">mohamedma123</subfield>
    <subfield code="n">1</subfield>
  </datafield>
  <datafield tag="952" ind1=" " ind2=" ">
    <subfield code="0">0</subfield>
    <subfield code="1">0</subfield>
    <subfield code="2">ddc</subfield>
    <subfield code="4">0</subfield>
    <subfield code="7">0</subfield>
    <subfield code="a">WAHAB</subfield>
    <subfield code="b">WAHAB</subfield>
    <subfield code="d">2025-03-24</subfield>
    <subfield code="l">0</subfield>
    <subfield code="o">686.3 &#x634; &#x627; &#x647;&#x640;</subfield>
    <subfield code="p">000011102</subfield>
    <subfield code="r">2025-03-24 13:05:10</subfield>
    <subfield code="w">2025-03-24</subfield>
    <subfield code="y">BOOK</subfield>
  </datafield>
  <datafield tag="999" ind1=" " ind2=" ">
    <subfield code="c">6607</subfield>
    <subfield code="d">6607</subfield>
  </datafield>
</record>
